000 00625nmm a2200241 a 4500
003 AR-BaBNM
005 20251128210946.0
008 192020s1995 ||||||||||||||000 | spa||
020 _a950-9472-36-0
040 _cAR-BaBNM
100 1 _aArmatto de Welti, Zulema
245 1 0 _aDiccionario guaraní de usos
_betnolexicología estructural del guaraní jopará
250 _a3ª ed.
260 _aRosario
_bFundación Ross
_c1995
300 0 _a330 p.
650 4 _aDICCIONARIOS
650 4 _aLENGUAS AMERINDIAS
650 4 _aESPANOL
653 0 _aGUARANI
655 _aREFERENCIA
942 _cBK
998 _cMARTIN
999 _c17636
_d17636